00575cam a2200157 450000500170000000800410001702000150005805000220007310000380009524501090013326000740024230000210031650000150033750400340035250400310038620191105095439.0191105b mx ||||| |||| 00| 0 spa d a840003765004aF1371.7bO78 19781 aOrtiz de la Tabla Ducasse, Javier 0aComercio exterior de Veracruz : 1778-1821 : crisis de dependencia /cJavier Ortiz de la Tablada Ducasse. aSevilla :bEscuela de Estudios Hispano-Americanos de Sevilla, c1978. a456 p. ;c25 cm. a1 ejemplar aIncluye apéndice e índice aBibliografía: p. 425-443